Normal view MARC view
  • Structure

Entry Topical Term

Number of records used in: 2

001 - CONTROL NUMBER

  • control field: 51203

003 - CONTROL NUMBER IDENTIFIER

  • control field: NUST

005 - DATE AND TIME OF LATEST TRANSACTION

  • control field: 20210314134930.0

008 - FIXED-LENGTH DATA ELEMENTS

  • fixed length control field: 210314|| aca||aabn | a|a d

040 ## - CATALOGING SOURCE

  • Original cataloging agency: NUST
  • Transcribing agency: NUST

150 ## - HEADING--TOPICAL TERM

  • Topical term or geographic name entry element: Structure
  • Topical term following geographic name entry element: syn#2

670 ## - SOURCE DATA FOUND

  • Source citation: Work cat.: (NUST): Capt Bilal Asghar 51202, Architectural and Structural Design of 4 Story Apartment Using Bim, 2017.
© 2023 Central Library, National University of Sciences and Technology. All Rights Reserved.